• 首页
  • 本馆介绍
  • 公告通知
  • 最新文献
  • 馆藏检索
  • 电子资源
  • 读者导购
  • 参考咨询
  • 我的图书馆
  • 登录
  • 详细信息显示
  • 放入我的书架
  • 预约/预借图书
  • 作者相关作品
  • 分类相关作品
  • 丛书相关作品
  • 出版社相关作品

书目信息

  • 表格格式
  • 工作单格式
  • 卡片格式
题名:
散文写作谈
    
 
作者: ;河北师范大学中文系
分册:  
出版信息:   河北师范大学中文系  1978.07
页数: 93页
开本: 19cm
丛书名:
单 册:
中图分类: I056
科图分类:
主题词: 文学理论--各体 , 创作方法--各体
电子资源:
ISBN:
000 00572nam0 2200193 450
001 0658300141
005 20070923105047.14
010    @d不详
100    @a20060914d1978 km y0chiy0120 ea
101 0  @achi
200 1  @a散文写作谈@Asan wen xie zuo tan@f河北师范大学中文系@Fhe bei shi fan da xue zhong wen xi
210    @c河北师范大学中文系@d1978.07
215    @a93页@d19cm
606 0  @a文学理论@x各体
606 0  @a创作方法@x各体
690    @aI056@v3
711  0 @a河北师范大学中文系@Ahe bei shi fan da xue zhong wen xi
801  0 @aCN@bPFT@c20070923
905    @a10447@dI056@e149
    
    散文写作谈/河北师范大学中文系.-河北师范大学中文系,1978.07
    93页;19cm
    
    
    ISBN :不详
    
●
相关链接 在E读中查询图书 在五车中查询图书 在当当中查询图书 在豆瓣中查询图书


正题名:散文写作谈     索取号:I056/149         预约/预借

序号 登录号 条形码 馆藏地/架位号 状态 备注
1 0473730   204737302   密集书库/ [索取号:I056/149] 在馆    
2 0473731   204737311   密集书库/ [索取号:I056/149] 在馆    
3 0473755   204737552   密集书库/ [索取号:I056/149] 在馆    
4 0624524   206245240   密集书库/ [索取号:I056/149] 在馆    
唐山师范学院图书馆 欢迎您!
大连网信软件有限公司© 版权所有